|
|
|
|
| LEADER |
00000cam a2200000 a 4500 |
| 001 |
vtls008878163 |
| 003 |
SK-MaSNL |
| 005 |
20260301080434.0 |
| 008 |
240314s2006 xr l f 000 0 cze |
| 020 |
|
|
|a 8073670968
|q (brož.)
|
| 040 |
|
|
|a SNK
|b slo
|c SNK
|e AACR2
|
| 041 |
0 |
|
|a cze
|
| 044 |
|
|
|a xr
|c CZ
|
| 072 |
|
7 |
|a 070
|x Noviny. Tlač
|2 konspekt
|
| 080 |
|
|
|a 070.431
|2 2001
|
| 080 |
|
|
|a 316.774
|2 2001
|
| 080 |
|
|
|a 316
|2 2001
|
| 080 |
|
|
|a 316.772.4
|2 2001
|
| 080 |
|
|
|a (048.8)
|2 2001
|
| 100 |
1 |
|
|a Trampota, Tomáš
|4 aut
|9 402142
|
| 245 |
1 |
0 |
|a Zpravodajství
|c Tomáš Trampota
|
| 250 |
|
|
|a 1. vyd.
|
| 260 |
|
|
|a Praha
|b Portál
|c 2006
|
| 300 |
|
|
|a 191 s.
|c 20 cm
|
| 504 |
|
|
|a Bibliogr. odkazy
|
| 650 |
0 |
7 |
|a spravodajstvo
|2 SNKPH
|9 15209
|
| 650 |
0 |
7 |
|a masmédiá
|2 SNKPH
|9 1418
|
| 650 |
0 |
7 |
|a mediálna komunikácia
|2 SNKPH
|9 66486
|
| 650 |
0 |
7 |
|a sociologické aspekty
|2 SNKPH
|9 67369
|
| 655 |
|
7 |
|a monografie
|2 SNKPH
|9 70139
|
| 919 |
|
|
|a 80-7367-096-8
|
| 999 |
|
|
|c 653182
|d 655112
|
| 952 |
|
|
|t snkTRA 070
|a SNKUST
|b SNKUST
|y PREZ
|7 0
|p 17A0531062
|o snkID 97729
|i snk2006/25271
|8 4
|g 7.90
|0 0
|1 0
|4 0
|d 2006-11-13
|l 0
|r 2025-03-21 00:00:00
|w 2026-02-23
|